00255pam a2200109 a 4500020000500000041000500005082000800010100001700018245006100035260003800096300001100134 c h bTAN aTanner, A.E. aTobacco From The Grower To The SmokerhTextual Documents aLondonbSir Isaac Pitman And Sons a114/LB